Philatelic Sidelines Handbook Number 2 (Record no. 2817)

000 -LEADER
fixed length control field 00834nam a22000977a 4500
008 - FIXED-LENGTH DATA ELEMENTS--GENERAL INFORMATION
fixed length control field 180820b ||||| |||| 00| 0 eng d
100 ## - MAIN ENTRY--AUTHOR'S NAME
Author's Name Larson, William
245 ## - TITLE STATEMENT
Title Philatelic Sidelines Handbook Number 2
260 ## - PUBLICATION, DISTRIBUTION, ETC. (IMPRINT)
Name of publisher, distributor, etc. Philatelic Sidelines Handbooks
500 ## - GENERAL NOTE
Materials specified The Medicine Stamps [Holcombe]; Some Curious Weeds [Stirling]; U.S. revenue Taxpaids Handbook & Catalogue: Hydrometer Labels [Larsen]; Provisional Proprietary Stamps of the United States, Part II Provisional Match Stamps [Nast]; ?Firsts? in the United States Post Office [Konweiser]; Shift Hunter Letters [C.W. Bedford records]; Philatelic Phantoms of Canada [Richardson]; A Samuel Allen Taylor Fraud that was Conterfeited [Spying Eye]; Oval ?Way? Markings [Konweiser]; Foreign Revenue Notes [Forbin]; Palestine Revenues: A Study and Listing [Larsen]; Private Express Companies

No items available.

Powered by Koha